[Event "SUI-chT"]
[Site "Switzerland"]
[Date "2021.12.11"]
[Round "8.8"]
[White "Hakimifard, Ghazal"]
[Black "Miralles, Gilles"]
[Result "1/2-1/2"]
[WhiteElo "2256"]
[BlackElo "2418"]
[PlyCount "101"]
[EventDate "2021.08.29"]
[EventType "team-tourn"]
[EventRounds "9"]
[EventCountry "SUI"]
[SourceTitle "EXT 2023"]
[Source "ChessBase"]
[SourceDate "2022.10.05"]
[SourceVersion "1"]
[SourceVersionDate "2022.10.05"]
[SourceQuality "1"]
[WhiteTeam "Luzern"]
[BlackTeam "Geneve"]
[WhiteTeamCountry "SUI"]
[BlackTeamCountry "SUI"]

1. e4 c5 2. Nf3 Nc6 3. Bb5 e6 4. 0-0 Nge7 5. Re1 a6 6. Bf1 d5 7. exd5 Nxd5 8. c3 Be7 9. d4 cxd4 10. cxd4 0-0 11. Nc3 b6 12. Qb3 Na5 13. Qc2 Bb7 14. a3 Rc8 15. Bd3 g6 16. Ne5 Bf6 17. Bh6 Bg7 18. Bxg7 Kxg7 19. Rad1 Qg5 20. Be4 Rfd8 21. Qd3 b5 22. f4 Qf6 23. Ne2 Nc4 24. Qh3 Nxf4 25. Nxf4 Bxe4 26. Rxe4 Nxe5 27. Rf1 Qf5 28. Rxe5 Qxh3 29. Nxh3 Rxd4 30. Ng5 Rd7 31. Re2 h6 32. Nf3 Rd6 33. Rfe1 Rcc6 34. b4 f6 35. Kf2 e5 36. Re3 g5 37. R1e2 Kg6 38. Nd2 Rd4 39. g3 h5 40. Nb3 Rd1 41. Rd2 Rh1 42. Kf3 Rc4 43. Rf2 g4+ 44. Ke2 Rc2+ 45. Nd2 Ra2 46. Rd3 f5 47. Rd6+ Kg5 48. Rxa6 f4 49. Kd3 Rd1 50. Ra5 f3 51. Rxb5 1/2-1/2

[Event "SUI-chT"]
[Site "Switzerland"]
[Date "2021.11.07"]
[Round "7.6"]
[White "Miralles, Gilles"]
[Black "Duratti, Lindo"]
[Result "1-0"]
[WhiteElo "2418"]
[BlackElo "2196"]
[PlyCount "115"]
[EventDate "2021.08.29"]
[EventType "team-tourn"]
[EventRounds "9"]
[EventCountry "SUI"]
[SourceTitle "EXT 2023"]
[Source "ChessBase"]
[SourceDate "2022.10.05"]
[SourceVersion "1"]
[SourceVersionDate "2022.10.05"]
[SourceQuality "1"]
[WhiteTeam "Geneve"]
[BlackTeam "Echallens"]
[WhiteTeamCountry "SUI"]
[BlackTeamCountry "SUI"]

1. d4 d5 2. c4 e6 3. Nc3 Nf6 4. Bg5 Nbd7 5. e3 Be7 6. Nf3 c6 7. Rc1 0-0 8. a3 a5 9. Bd3 h6 10. Bh4 dxc4 11. Bxc4 Nd5 12. Bxe7 Nxc3 13. Rxc3 Qxe7 14. 0-0 e5 15. Qc2 exd4 16. exd4 Nb6 17. Ba2 Qd6 18. Rc5 Bg4 19. Ne5 Qxd4 20. Bb1 g6 21. Nxg4 Qxg4 22. h3 Qe6 23. f4 Nd7 24. Rc3 Qf6 25. Qb3 b6 26. Bxg6 a4 27. Qd1 fxg6 28. Qxd7 Rac8 29. Rg3 Rcd8 30. Qc7 c5 31. h4 Rd5 32. f5 Rxf5 33. Rxf5 Qxf5 34. Qxb6 Kg7 35. Qa7+ Rf7 36. Qxa4 Qb1+ 37. Kh2 Qxb2 38. h5 Qe5 39. hxg6 Qh5+ 40. Kg1 Re7 41. Qc2 Qd5 42. Qc3+ Kg8 43. Rd3 Qe5 44. Qc4+ Kg7 45. Rd5 Qa1+ 46. Kh2 Qxa3 47. Rd8 Qe3 48. Rg8+ Kf6 49. Qh4+ Qg5 50. Qf2+ Ke6 51. Rd8 Qe5+ 52. g3 Rd7 53. Re8+ Re7 54. Rd8 Qg5 55. Rd3 Rc7 56. Qe2+ Kf6 57. Rd6+ Kg7 58. Qb2+ 1-0

[Event "SUI-chT"]
[Site "Switzerland"]
[Date "2021.10.23"]
[Round "4.8"]
[White "Fischer, Daniel1111"]
[Black "Miralles, Gilles"]
[Result "0-1"]
[WhiteElo "2296"]
[BlackElo "2418"]
[PlyCount "104"]
[EventDate "2021.08.29"]
[EventType "team-tourn"]
[EventRounds "9"]
[EventCountry "SUI"]
[SourceTitle "EXT 2023"]
[Source "ChessBase"]
[SourceDate "2022.10.05"]
[SourceVersion "1"]
[SourceVersionDate "2022.10.05"]
[SourceQuality "1"]
[WhiteTeam "Zuerich"]
[BlackTeam "Geneve"]
[WhiteTeamCountry "SUI"]
[BlackTeamCountry "SUI"]

1. e4 c5 2. Nf3 Nc6 3. d4 cxd4 4. Nxd4 Nf6 5. Nc3 d6 6. Bg5 e6 7. Qd2 a6 8. 0-0-0 h6 9. Nxc6 bxc6 10. Bf4 d5 11. h4 Bb4 12. f3 Qa5 13. a3 Bxc3 14. Qxc3 Qxc3 15. bxc3 dxe4 16. Bd6 Bb7 17. Rg1 0-0-0 18. c4 c5 19. Be2 Nd5 20. cxd5 Rxd6 21. fxe4 exd5 22. exd5 Rxd5 23. Rxd5 Bxd5 24. Bxa6+ Kc7 25. Bb5 Ra8 26. a4 Bc6 27. Kd2 Bxb5 28. axb5 Ra4 29. Rf1 f6 30. g3 Rg4 31. Rf3 Kb6 32. Rb3 h5 33. Ke2 Rb4 34. Re3 Kxb5 35. Re7 Rg4 36. Kf3 Kb4 37. Re3 c4 38. Ke2 f5 39. Kd2 Rd4+ 40. Kc1 Re4 41. Rf3 g6 42. Kd2 Re8 43. Kc1 Re2 44. Kb2 Rg2 45. Re3 Kc5 46. Kc3 Kd5 47. Rf3 Re2 48. Rf1 Re3+ 49. Kb4 c3 50. Rg1 Ke4 51. Kc4 Kf3 52. Kd4 Kf2 0-1

[Event "SUI-chT"]
[Site "Switzerland"]
[Date "2021.09.19"]
[Round "2.8"]
[White "Miralles, Gilles"]
[Black "Gattenloehner, Sebastian"]
[Result "1-0"]
[WhiteElo "2418"]
[BlackElo "2260"]
[PlyCount "87"]
[EventDate "2021.08.29"]
[EventType "team-tourn"]
[EventRounds "9"]
[EventCountry "SUI"]
[SourceTitle "EXT 2022"]
[Source "ChessBase"]
[SourceDate "2021.10.06"]
[SourceVersion "1"]
[SourceVersionDate "2021.10.06"]
[SourceQuality "1"]
[WhiteTeam "Geneve"]
[BlackTeam "Winterthur"]
[WhiteTeamCountry "SUI"]
[BlackTeamCountry "SUI"]

1. c4 c6 2. Nc3 d5 3. d4 Nf6 4. Qb3 dxc4 5. Qxc4 b5 6. Qd3 b4 7. Na4 Qa5 8. Qd1 e6 9. Bd2 Ne4 10. Nf3 Nd7 11. e3 Bb7 12. Bd3 c5 13. Bxe4 Bxe4 14. a3 cxd4 15. Nxd4 Qg5 16. Bxb4 Qxg2 17. Rf1 Ne5 18. Nc3 Bxb4 19. axb4 0-0 20. Qh5 Nd3+ 21. Kd2 Bg6 22. Qf3 Qxh2 23. b5 Nxb2 24. Qg3 Nc4+ 25. Ke2 Qh5+ 26. f3 Qc5 27. Ne4 Qb4 28. Rfb1 Nb2 29. Kf2 Bxe4 30. fxe4 Qd2+ 31. Kg1 Nc4 32. Rb3 Rad8 33. Qf2 Rd7 34. Qxd2 Nxd2 35. Rba3 Nxe4 36. Rxa7 Rd6 37. Rc7 Rb6 38. Ra6 Rbb8 39. b6 Nf6 40. Nc6 Rbe8 41. Ne7+ Kh8 42. b7 Rb8 43. Rc8 g6 44. Rxf8+ 1-0

[Event "EU-Cup Online Gr-B"]
[Site "Tornelo INT"]
[Date "2021.03.27"]
[Round "1.4"]
[White "Wengholm, Anders"]
[Black "Miralles, Gilles"]
[Result "0-1"]
[WhiteElo "2198"]
[BlackElo "2418"]
[PlyCount "70"]
[EventDate "2021.03.27"]
[EventType "team-tourn (rapid)"]
[EventRounds "9"]
[EventCountry "NET"]
[SourceTitle "CBM 201 Extra"]
[Source "ChessBase"]
[SourceDate "2021.05.31"]
[SourceVersion "1"]
[SourceVersionDate "2021.05.31"]
[SourceQuality "1"]
[WhiteTeam "Pelaro Alingsas"]
[BlackTeam "Geneve"]
[WhiteTeamCountry "SWE"]
[BlackTeamCountry "SUI"]

1. Nf3 Nf6 2. c4 c5 3. Nc3 e6 4. g3 b6 5. Bg2 Bb7 6. 0-0 Be7 7. Re1 d5 8. cxd5 Nxd5 9. e4 Nb4 10. d4 cxd4 11. Nxd4 N8c6 12. Be3 0-0 13. Rc1 Ne5 14. Bf1 Rc8 15. b3 Bc5 16. Be2 Nbd3 17. Bxd3 Bxd4 18. Bxd4 Qxd4 19. Be2 Qb4 20. Qd2 Rfd8 21. Qe3 g6 22. Red1 Rxd1+ 23. Bxd1 Qc5 24. Qxc5 Rxc5 25. f3 Nd3 26. Rc2 Nb4 27. Rc1 f5 28. exf5 exf5 29. Be2 Kg7 30. Kf2 Nd5 31. Bc4 Nxc3 32. Rxc3 b5 33. Rd3 bxc4 34. Rd7+ Kh6 35. Rxb7 c3 0-1

[Event "FRA-ch Blitz Online Qual"]
[Site "Europe Echecs INT"]
[Date "2020.05.16"]
[Round "1"]
[White "Billot, Daniel"]
[Black "Miralles, Gilles"]
[Result "0-1"]
[WhiteElo "1679"]
[BlackElo "2418"]
[PlyCount "50"]
[EventDate "2020.05.16"]
[EventType "swiss (blitz)"]
[EventRounds "15"]
[EventCountry "FRA"]
[SourceTitle "CBM 196 Extra"]
[Source "ChessBase"]
[SourceDate "2020.07.31"]
[SourceVersion "1"]
[SourceVersionDate "2020.07.31"]
[SourceQuality "1"]

1. e4 c6 2. Nf3 d5 3. exd5 cxd5 4. Ne5 Nc6 5. d4 Nf6 6. Bb5 Bd7 7. Bxc6 bxc6 8. c3 g6 9. 0-0 Bg7 10. Qe2 0-0 11. Nd2 a5 12. Nb3 Ne4 13. f3 Nd6 14. Bf4 Be8 15. Rac1 Qb6 16. Nc5 Ra7 17. Na4 Qb5 18. Qxb5 cxb5 19. Nc5 b4 20. Rfd1 Bb5 21. a3 bxa3 22. bxa3 Rc8 23. Ng4 Nc4 24. Nf2 Nxa3 25. Ra1 Nc4 0-1

[Event "FRA-ch Blitz Online Qual"]
[Site "Europe Echecs INT"]
[Date "2020.05.16"]
[Round "7"]
[White "Joly, Julien"]
[Black "Miralles, Gilles"]
[Result "1/2-1/2"]
[WhiteElo "2188"]
[BlackElo "2418"]
[PlyCount "86"]
[EventDate "2020.05.16"]
[EventType "swiss (blitz)"]
[EventRounds "15"]
[EventCountry "FRA"]
[SourceTitle "CBM 196 Extra"]
[Source "ChessBase"]
[SourceDate "2020.07.31"]
[SourceVersion "1"]
[SourceVersionDate "2020.07.31"]
[SourceQuality "1"]

1. e4 c6 2. d4 d5 3. Nc3 dxe4 4. Nxe4 Nd7 5. Nf3 Ngf6 6. Nxf6+ Nxf6 7. Bd3 g6 8. 0-0 Bg7 9. c4 0-0 10. h3 Qd6 11. b3 Rd8 12. Re1 c5 13. Ba3 b6 14. Bc2 Bb7 15. d5 b5 16. Qe2 bxc4 17. bxc4 Ba6 18. Rad1 Qf4 19. Qxe7 Bxc4 20. d6 Nd5 21. Qe4 Qxe4 22. Bxe4 Rxd6 23. Bxc5 Rdd8 24. Bd4 Bxa2 25. Bxg7 Kxg7 26. Rd2 f5 27. Rxa2 fxe4 28. Rxe4 Nc3 29. Re7+ Kf6 30. Raxa7 Rxa7 31. Rxa7 Rd1+ 32. Kh2 h5 33. g4 hxg4 34. hxg4 Ne4 35. Kg2 Rb1 36. Ra6+ Kg7 37. Re6 Nc5 38. Rc6 Nd3 39. Rd6 Nf4+ 40. Kg3 Ne2+ 41. Kg2 Nf4+ 42. Kg3 Ne2+ 43. Kg2 Nf4+ 1/2-1/2

[Event "FRA-ch Blitz Online Qual"]
[Site "Europe Echecs INT"]
[Date "2020.05.16"]
[Round "2"]
[White "Miralles, Gilles"]
[Black "Burgalat, Eliot"]
[Result "1-0"]
[WhiteElo "2418"]
[BlackElo "1963"]
[PlyCount "77"]
[EventDate "2020.05.16"]
[EventType "swiss (blitz)"]
[EventRounds "15"]
[EventCountry "FRA"]
[SourceTitle "CBM 196 Extra"]
[Source "ChessBase"]
[SourceDate "2020.07.31"]
[SourceVersion "1"]
[SourceVersionDate "2020.07.31"]
[SourceQuality "1"]

1. d4 e6 2. Nf3 Nf6 3. c4 d5 4. g3 Be7 5. Bg2 0-0 6. 0-0 b6 7. Ne5 Bb7 8. Nc3 Ne4 9. Nxe4 dxe4 10. Be3 Nd7 11. Qc2 Nxe5 12. dxe5 f5 13. exf6 Bxf6 14. Bxe4 Bxe4 15. Qxe4 Qe8 16. Rab1 Rd8 17. b3 Kh8 18. Rbd1 Qf7 19. Qc6 Be5 20. c5 h6 21. a4 Qf6 22. Qe4 Bc3 23. c6 e5 24. Rd7 Bd4 25. Rxc7 Bxe3 26. Qxe3 Qd6 27. Rxa7 Qxc6 28. Qxe5 Rd7 29. Rxd7 Qxd7 30. Qe3 Qf7 31. Qxb6 Qf5 32. a5 Qc2 33. Qb5 Ra8 34. a6 Qa2 35. Rd1 Rxa6 36. Rd8+ Kh7 37. Qf5+ Rg6 38. Rd6 Qb1+ 39. Qxb1 1-0

[Event "FRA-ch Blitz Online Qual"]
[Site "Europe Echecs INT"]
[Date "2020.05.16"]
[Round "15"]
[White "Roque, Gaetan"]
[Black "Miralles, Gilles"]
[Result "1-0"]
[WhiteElo "2128"]
[BlackElo "2418"]
[PlyCount "73"]
[EventDate "2020.05.16"]
[EventType "swiss (blitz)"]
[EventRounds "15"]
[EventCountry "FRA"]
[SourceTitle "CBM 196 Extra"]
[Source "ChessBase"]
[SourceDate "2020.07.31"]
[SourceVersion "1"]
[SourceVersionDate "2020.07.31"]
[SourceQuality "1"]

1. d4 Nf6 2. c4 e6 3. Nf3 c5 4. d5 b5 5. Bg5 Qa5+ 6. Qd2 Qxd2+ 7. Nbxd2 bxc4 8. Bxf6 gxf6 9. e4 f5 10. Bxc4 Bg7 11. 0-0 Ba6 12. exf5 Bxc4 13. Nxc4 exd5 14. Rfe1+ Kf8 15. Nd6 Nc6 16. Rad1 d4 17. Ne4 d6 18. Nxd6 Rd8 19. Nc4 Bf6 20. g4 Rg8 21. h3 h5 22. Re4 hxg4 23. hxg4 Rd5 24. Rde1 Kg7 25. Kf1 Nb4 26. g5 Bd8 27. f6+ Kg6 28. Nce5+ Kf5 29. Nh4+ Kxg5 30. Rg4+ Kh5 31. Rxg8 Kxh4 32. Re4+ Kh5 33. Reg4 Bxf6 34. f4 d3 35. Rg1 Rxe5 36. fxe5 Bh4 37. Rh8# 1-0

[Event "Francophone-ch 6th"]
[Site "Tirana"]
[Date "2018.08.30"]
[Round "7"]
[White "Berend, Fred"]
[Black "Miralles, Gilles"]
[Result "0-1"]
[WhiteElo "2358"]
[BlackElo "2422"]
[PlyCount "162"]
[EventDate "2018.08.26"]
[EventType "swiss"]
[EventRounds "9"]
[EventCountry "ALB"]
[SourceTitle "CBM 186 Extra"]
[Source "ChessBase"]
[SourceDate "2018.08.24"]
[SourceVersion "1"]
[SourceVersionDate "2018.08.24"]
[SourceQuality "1"]

1. d4 Nf6 2. c4 e6 3. g3 d5 4. Bg2 Be7 5. Nf3 0-0 6. 0-0 dxc4 7. Qc2 a6 8. a4 Bd7 9. Qxc4 Bc6 10. Qd3 Nbd7 11. Nc3 a5 12. Rd1 Bb4 13. Bf4 Rc8 14. Qc2 Qe7 15. Re1 Bxf3 16. Bxf3 c5 17. e3 Nb6 18. Bg5 h6 19. Bxf6 Qxf6 20. dxc5 Qxf3 21. cxb6 Qc6 22. Qb3 Qxb6 23. Na2 Bc5 24. Qxb6 Bxb6 25. Rac1 Rxc1 26. Rxc1 Rd8 27. Rc3 Rd1+ 28. Kg2 Ra1 29. Rc8+ Kh7 30. Nc3 Rc1 31. Kf3 Rc2 32. Rb8 Rxb2 33. Rxb7 Kg6 34. h4 f5 35. h5+ Kf6 36. g4 fxg4+ 37. Kxg4 Rb4+ 38. Kf3 g5 39. hxg6 Kxg6 40. Ne4 Bd8 41. Rd7 Bb6 42. Rb7 Bd8 43. Rd7 Bb6 44. Rd6 Kf5 45. Nc3 Ke5 46. Rc6 Bd8 47. Kg3 Rb3 48. Nb5 Rd3 49. Ra6 Rd7 50. Nd4 Bc7 51. Nxe6 Bd6 52. Nd4 Ke4+ 53. Kg2 h5 54. f3+ Kd3 55. Nf5 Bb4 56. Rh6 Kc4 57. Rxh5 Kb3 58. f4 Kxa4 59. Nd4 Bc3 60. Ne2 Bd2 61. Kf3 Kb4 62. Nd4 a4 63. Nc6+ Kb3 64. Rb5+ Kc2 65. Rc5+ Bc3 66. Nd4+ Kd3 67. Nb5 Bb2 68. Rc8 Rd5 69. Rb8 Kc2 70. e4 Rd3+ 71. Kg4 Rb3 72. e5 Rb4 73. e6 Bf6 74. Kf5 Be7 75. Rb7 Bf8 76. Ke5 Kb2 77. Rb6 Bc5 78. f5 Bxb6 79. e7 Rxb5+ 80. Ke6 Rb3 81. f6 Bc5 0-1

[Event "Francophone-ch 6th"]
[Site "Tirana"]
[Date "2018.08.29"]
[Round "6"]
[White "Miralles, Gilles"]
[Black "Maisuradze, Nino"]
[Result "1/2-1/2"]
[WhiteElo "2422"]
[BlackElo "2220"]
[PlyCount "42"]
[EventDate "2018.08.26"]
[EventType "swiss"]
[EventRounds "9"]
[EventCountry "ALB"]
[SourceTitle "CBM 186 Extra"]
[Source "ChessBase"]
[SourceDate "2018.08.24"]
[SourceVersion "1"]
[SourceVersionDate "2018.08.24"]
[SourceQuality "1"]

1. d4 d5 2. c4 e6 3. Nc3 Be7 4. Nf3 Nf6 5. Bg5 0-0 6. e3 h6 7. Bh4 Ne4 8. Bxe7 Qxe7 9. cxd5 Nxc3 10. bxc3 exd5 11. Bd3 c5 12. 0-0 Nc6 13. Re1 Be6 14. e4 dxe4 15. Bxe4 cxd4 16. cxd4 Rad8 17. Rb1 Qd7 18. Qa4 Nxd4 19. Qxa7 Nxf3+ 20. Bxf3 Ra8 21. Qxb7 Qxb7 1/2-1/2

[Event "Francophone-ch 6th"]
[Site "Tirana"]
[Date "2018.08.28"]
[Round "4"]
[White "Sochacki, Wojtek"]
[Black "Miralles, Gilles"]
[Result "1-0"]
[WhiteElo "2351"]
[BlackElo "2422"]
[PlyCount "101"]
[EventDate "2018.08.26"]
[EventType "swiss"]
[EventRounds "9"]
[EventCountry "ALB"]
[SourceTitle "CBM 186 Extra"]
[Source "ChessBase"]
[SourceDate "2018.08.24"]
[SourceVersion "1"]
[SourceVersionDate "2018.08.24"]
[SourceQuality "1"]

1. e4 c5 2. Nf3 e6 3. d4 cxd4 4. Nxd4 Nc6 5. Nc3 Qc7 6. Be3 Nf6 7. Qf3 a6 8. 0-0-0 d6 9. Nxc6 bxc6 10. g4 h5 11. g5 Ng4 12. g6 f6 13. Bd2 Rb8 14. b3 Qa7 15. Be1 Rh6 16. Qe2 Rxg6 17. h3 Nh6 18. Qxh5 Qf7 19. Bc4 f5 20. Bd3 d5 21. exd5 exd5 22. Bd2 Ba3+ 23. Kb1 Kf8 24. Ne2 c5 25. Nf4 Rd6 26. Qxf7+ Nxf7 27. h4 Ne5 28. h5 c4 29. Bf1 Nf3 30. Ng6+ Kg8 31. Bf4 c3 32. Bg2 Nd2+ 33. Bxd2 cxd2 34. Rxd2 Bb7 35. Rhd1 Re8 36. c4 Bb4 37. Bxd5+ Bxd5 38. Rxd5 Rxd5 39. cxd5 Bd6 40. Rc1 Kh7 41. Rc6 Bb4 42. Rxa6 Re1+ 43. Kc2 Re2+ 44. Kd3 Rxf2 45. Kc4 Be1 46. Re6 Rc2+ 47. Kb5 Bf2 48. d6 Kh6 49. Nf4+ Kh7 50. d7 Rd2 51. Re2 1-0

[Event "Francophone-ch 6th"]
[Site "Tirana"]
[Date "2018.08.26"]
[Round "1"]
[White "Miralles, Gilles"]
[Black "Ouadi, Wahbi"]
[Result "1-0"]
[WhiteElo "2422"]
[BlackElo "1879"]
[PlyCount "61"]
[EventDate "2018.08.26"]
[EventType "swiss"]
[EventRounds "9"]
[EventCountry "ALB"]
[SourceTitle "CBM 186 Extra"]
[Source "ChessBase"]
[SourceDate "2018.08.24"]
[SourceVersion "1"]
[SourceVersionDate "2018.08.24"]
[SourceQuality "1"]

1. d4 Nf6 2. c4 e6 3. Nf3 c5 4. d5 exd5 5. cxd5 d6 6. Nc3 g6 7. g3 Bg7 8. Bg2 0-0 9. 0-0 a6 10. a4 Nbd7 11. Nd2 Rb8 12. Nc4 Nb6 13. Nxd6 Bg4 14. a5 Nbd7 15. Nc4 Re8 16. h3 Bf5 17. Bf4 h5 18. Nd6 Ne5 19. Nxe8 Nxe8 20. Qc1 Nd6 21. Qe3 Ndc4 22. Qxc5 Nxb2 23. Qb6 Qxb6 24. axb6 Rc8 25. Rac1 a5 26. Nb5 Nec4 27. Bc7 a4 28. d6 a3 29. Bxb7 Nd2 30. Bxc8 Bxc8 31. d7 1-0

[Event "SUI-chT"]
[Site "Switzerland"]
[Date "2018.07.01"]
[Round "5.3"]
[White "Miralles, Gilles"]
[Black "Prusikin, Michael"]
[Result "1-0"]
[WhiteElo "2416"]
[BlackElo "2516"]
[PlyCount "57"]
[EventDate "2018.03.25"]
[EventType "team-tourn"]
[EventRounds "9"]
[EventCountry "SUI"]
[SourceTitle "EXT 2019"]
[Source "ChessBase"]
[SourceDate "2018.10.10"]
[SourceVersion "1"]
[SourceVersionDate "2018.10.10"]
[SourceQuality "1"]
[WhiteTeam "Geneve"]
[BlackTeam "Wollishofen"]
[WhiteTeamCountry "SUI"]
[BlackTeamCountry "SUI"]

1. d4 d5 2. c4 e6 3. Nc3 Be7 4. Nf3 Nf6 5. Bg5 h6 6. Bh4 0-0 7. e3 Ne4 8. Bxe7 Qxe7 9. cxd5 Nxc3 10. bxc3 exd5 11. Bd3 c5 12. 0-0 Nc6 13. Re1 Bg4 14. h3 Bh5 15. e4 dxe4 16. Bxe4 Qd6 17. Rb1 cxd4 18. Rxb7 Rad8 19. Rb5 Bxf3 20. Qxf3 dxc3 21. Bxc6 c2 22. Qc3 Qd1 23. Rbe5 Rd3 24. Qc5 Rc8 25. Kh2 Rdd8 26. g3 g6 27. Qc3 Kh7 28. Re7 Kg8 29. R7e2 1-0

[Event "SUI-chT"]
[Site "Switzerland"]
[Date "2018.03.25"]
[Round "1.6"]
[White "Miralles, Gilles"]
[Black "Mantovani, Renzo"]
[Result "1/2-1/2"]
[WhiteElo "2427"]
[BlackElo "2307"]
[PlyCount "61"]
[EventDate "2018.03.25"]
[EventType "team-tourn"]
[EventRounds "9"]
[EventCountry "SUI"]
[SourceTitle "CBM 183 Extra"]
[Source "ChessBase"]
[SourceDate "2018.04.19"]
[SourceVersion "1"]
[SourceVersionDate "2018.04.19"]
[SourceQuality "1"]
[WhiteTeam "Geneve"]
[BlackTeam "Mendrisio"]
[WhiteTeamCountry "SUI"]
[BlackTeamCountry "SUI"]

1. d4 d5 2. c4 c6 3. Nc3 Nf6 4. Qb3 dxc4 5. Qxc4 g6 6. Nf3 Bg7 7. g3 0-0 8. Bg2 b5 9. Qb3 Be6 10. Qd1 b4 11. Na4 Bd5 12. 0-0 Nbd7 13. a3 a5 14. Bf4 Qc8 15. Ne5 Bxg2 16. Kxg2 Qb7 17. e3 c5+ 18. Qf3 Qxf3+ 19. Kxf3 cxd4 20. exd4 Nxe5+ 21. Bxe5 Nd5 22. Bxg7 Kxg7 23. Rfc1 Rfb8 24. Rc5 e6 25. Ke4 Kf6 26. h4 h5 27. Rc6 Ke7 28. Rc5 Ra7 29. Kd3 Kd6 30. Ke4 Ke7 31. Kd3 1/2-1/2

[Event "Francophone-ch 5th"]
[Site "Yasmine Hammamet"]
[Date "2017.11.02"]
[Round "6"]
[White "Miralles, Gilles"]
[Black "Meddeb, Anis"]
[Result "1-0"]
[WhiteElo "2423"]
[BlackElo "2188"]
[PlyCount "59"]
[EventDate "2017.10.28"]
[EventType "swiss"]
[EventRounds "9"]
[EventCountry "TUN"]
[SourceTitle "EXT 2019"]
[Source "ChessBase"]
[SourceDate "2018.10.10"]
[SourceVersion "1"]
[SourceVersionDate "2018.10.10"]
[SourceQuality "1"]

1. d4 d5 2. c4 e6 3. Nc3 Nf6 4. Bg5 Be7 5. e3 h6 6. Bh4 0-0 7. Nf3 b6 8. Bd3 Bb7 9. 0-0 Ne4 10. Bg3 Nd7 11. Qe2 Nxg3 12. hxg3 c5 13. cxd5 exd5 14. Rad1 c4 15. Bb1 a6 16. Ne5 b5 17. a3 b4 18. axb4 Bxb4 19. Qc2 Nf6 20. g4 a5 21. f4 Bxc3 22. Qxc3 Bc8 23. g5 hxg5 24. fxg5 Ne4 25. Bxe4 dxe4 26. g6 Qd5 27. gxf7+ Kh7 28. Rf4 g6 29. Rdf1 Be6 30. Qe1 1-0

[Event "Francophone-ch 4th"]
[Site "Menton"]
[Date "2016.10.29"]
[Round "8"]
[White "Miralles, Gilles"]
[Black "Lesiege, Alexandre"]
[Result "0-1"]
[WhiteElo "2413"]
[BlackElo "2521"]
[PlyCount "72"]
[EventDate "2016.10.23"]
[EventType "swiss"]
[EventRounds "9"]
[EventCountry "FRA"]
[SourceTitle "EXT 2018"]
[Source "ChessBase"]
[SourceDate "2017.10.13"]
[SourceVersion "1"]
[SourceVersionDate "2017.10.13"]
[SourceQuality "1"]

1. d4 d5 2. c4 dxc4 3. e3 e5 4. Bxc4 exd4 5. exd4 Bd6 6. Nf3 Nf6 7. 0-0 0-0 8. Nc3 Nc6 9. h3 h6 10. Be3 Bf5 11. Nh4 Bh7 12. Qf3 Bb4 13. Rad1 Na5 14. Bd3 Bxc3 15. bxc3 Qd5 16. Qg3 Bxd3 17. Rxd3 Ne4 18. Qxc7 Nc4 19. Rb1 Ned6 20. Nf3 Qf5 21. Rdd1 Rac8 22. Qe7 Rfe8 23. Qh4 Nxe3 24. fxe3 Rxc3 25. Rbc1 Rcxe3 26. Rc5 Qg6 27. Ne5 Qe6 28. Rf1 Re2 29. Rc7 Nf5 30. Qg4 Rxe5 31. dxe5 Qb6+ 32. Kh1 Qxc7 33. Rxf5 Rxe5 34. Rxe5 Qxe5 35. Qc8+ Kh7 36. Qxb7 Qa1+ 0-1

[Event "SUI-chT"]
[Site "Switzerland"]
[Date "2016.10.08"]
[Round "8.3"]
[White "Miralles, Gilles"]
[Black "Cvitan, Ognjen"]
[Result "0-1"]
[WhiteElo "2441"]
[BlackElo "2503"]
[PlyCount "68"]
[EventDate "2016.03.20"]
[EventType "team-tourn"]
[EventRounds "9"]
[EventCountry "SUI"]
[SourceTitle "EXT 2017"]
[Source "ChessBase"]
[SourceDate "2016.10.25"]
[SourceVersion "1"]
[SourceVersionDate "2016.10.25"]
[SourceQuality "1"]
[WhiteTeam "Geneve"]
[BlackTeam "Riehen"]
[WhiteTeamCountry "SUI"]
[BlackTeamCountry "SUI"]

1. d4 Nf6 2. c4 e6 3. Nf3 d5 4. Nc3 Be7 5. cxd5 exd5 6. Bf4 c6 7. e3 Bf5 8. Bd3 Bxd3 9. Qxd3 Nbd7 10. h3 0-0 11. 0-0 Re8 12. a3 a5 13. Rfd1 Nb6 14. Be5 Bd6 15. Qf5 Be7 16. Ng5 Qd7 17. Qc2 h6 18. Bxf6 hxg5 19. Bxe7 Rxe7 20. Ne2 Nc4 21. Ng3 Nd6 22. b3 g6 23. a4 Kg7 24. Rd3 g4 25. hxg4 Qxg4 26. Qd1 Qh4 27. Qf3 Rh8 28. Qf4 Qh2+ 29. Kf1 Re6 30. Ne2 Qh1+ 31. Ng1 Rf6 32. Qg4 Rh4 33. Qd7 Nf5 34. Qc7 Rh2 0-1

[Event "SUI-chT"]
[Site "Switzerland"]
[Date "2015.05.31"]
[Round "4.4"]
[White "Valles, Manuel"]
[Black "Miralles, Gilles"]
[Result "0-1"]
[WhiteElo "2317"]
[BlackElo "2458"]
[PlyCount "48"]
[EventDate "2015.03.29"]
[EventType "team-tourn"]
[EventRounds "9"]
[EventCountry "SUI"]
[SourceTitle "EXT 2016"]
[Source "ChessBase"]
[SourceDate "2015.10.08"]
[SourceVersion "1"]
[SourceVersionDate "2015.10.08"]
[SourceQuality "1"]
[WhiteTeam "Echallens"]
[BlackTeam "Geneve"]
[WhiteTeamCountry "SUI"]
[BlackTeamCountry "SUI"]

1. d4 Nf6 2. c4 e6 3. Nc3 Bb4 4. Qc2 c5 5. dxc5 Bxc5 6. Nf3 Qb6 7. e3 Qc7 8. b3 a6 9. Bb2 b6 10. Be2 Bb7 11. 0-0 Ng4 12. e4 Nc6 13. g3 Nge5 14. Qd2 0-0 15. Na4 d6 16. a3 a5 17. Ne1 f5 18. Nxc5 dxc5 19. f4 Rad8 20. Qc1 Ng4 21. e5 Nd4 22. Bd1 Qc6 23. Nf3 Qe4 24. Bxd4 cxd4 0-1

[Event "SUI-chT"]
[Site "Switzerland"]
[Date "2014.09.07"]
[Round "7.3"]
[White "Preissmann, Emmanuel"]
[Black "Miralles, Gilles"]
[Result "1/2-1/2"]
[WhiteElo "2275"]
[BlackElo "2449"]
[PlyCount "27"]
[EventDate "2014.03.16"]
[EventType "team-tourn"]
[EventRounds "9"]
[EventCountry "SUI"]
[SourceTitle "EXT 2015"]
[Source "ChessBase"]
[SourceDate "2014.11.20"]
[SourceVersion "1"]
[SourceVersionDate "2014.11.20"]
[SourceQuality "1"]
[WhiteTeam "Neuchatel"]
[BlackTeam "Geneve"]
[WhiteTeamCountry "SUI"]
[BlackTeamCountry "SUI"]

1. e4 c5 2. c3 Nf6 3. e5 Nd5 4. d4 cxd4 5. Nf3 e6 6. cxd4 d6 7. Bc4 Be7 8. 0-0 0-0 9. exd6 Qxd6 10. Nc3 Nd7 11. Re1 N7f6 12. Bg5 Bd8 13. Qb3 Nxc3 14. bxc3 1/2-1/2